Manisa rehberi 2007 (Record no. 200130808)
[ view plain ]
| 000 -LEADER | |
|---|---|
| fixed length control field | 00887 a2200289 4500 |
| 001 - CONTROL NUMBER | |
| control field | 200130808 |
| 003 - CONTROL NUMBER IDENTIFIER | |
| control field | TR-AnTOB |
| 005 - DATE AND TIME OF LATEST TRANSACTION | |
| control field | 20231221104859.0 |
| 008 - FIXED-LENGTH DATA ELEMENTS--GENERAL INFORMATION | |
| fixed length control field | 131111s2013 tu 000 0 |
| 020 ## - INTERNATIONAL STANDARD BOOK NUMBER | |
| International Standard Book Number | 9789755858029 |
| 040 ## - CATALOGING SOURCE | |
| Original cataloging agency | TR-AnTOB |
| 041 ## - LANGUAGE CODE | |
| Language code of text/sound track or separate title | Türkçe |
| 050 00 - LIBRARY OF CONGRESS CALL NUMBER | |
| Classification number | DS51.M36 |
| Item number | M36 2007 |
| 090 ## - LOCALLY ASSIGNED LC-TYPE CALL NUMBER (OCLC); LOCAL CALL NUMBER (RLIN) | |
| Classification number (OCLC) (R) ; Classification number, CALL (RLIN) (NR) | DS51.M36 M36 2007 |
| 245 10 - TITLE STATEMENT | |
| Title | Manisa rehberi 2007 |
| 264 #1 - PRODUCTION, PUBLICATION, DISTRIBUTION, MANUFACTURE, AND COPYRIGHT NOTICE | |
| Place of production, publication, distribution, manufacture | Manisa: |
| Name of producer, publisher, distributor, manufacturer | Manisa Valiliği, |
| Date of production, publication, distribution, manufacture, or copyright notice | 2007 |
| 300 ## - PHYSICAL DESCRIPTION | |
| Extent | 108 p.: |
| Other physical details | ill. ; |
| Dimensions | 21 cm. |
| 651 ## - SUBJECT ADDED ENTRY--GEOGRAPHIC NAME | |
| Geographic name | Manisa (Turkey) |
| General subdivision | Description and travel |
| 9 (RLIN) | 94029 |
| Geographic name | Manisa (Turkey) |
| General subdivision | Economic conditions |
| 9 (RLIN) | 94030 |
| Geographic name | Manisa (Turkey) |
| General subdivision | Social conditions |
| 9 (RLIN) | 94031 |
| Geographic name | Manisa (Türkiye) |
| General subdivision | Ekonomik durum |
| 9 (RLIN) | 94033 |
| Geographic name | Manisa (Türkiye) |
| General subdivision | Sosyal durum |
| 9 (RLIN) | 94034 |
| Geographic name | Manisa (Türkiye) |
| General subdivision | Gezi ve tanıtım |
| 9 (RLIN) | 94032 |
| 710 ## - ADDED ENTRY--CORPORATE NAME | |
| Corporate name or jurisdiction name as entry element | Manisa (Türkiye). |
| Subordinate unit | Valilik |
| 9 (RLIN) | 92904 |
| 999 ## - SYSTEM CONTROL NUMBERS (KOHA) | |
| -- | T.o 02.05.2013 |
| 942 ## - ADDED ENTRY ELEMENTS (KOHA) | |
| Koha item type | Book |
| Withdrawn status | Lost status | Source of classification or shelving scheme | Not for loan | Collection code | Home library | Current library | Shelving location | Date acquired | Source of acquisition | Cost, normal purchase price | Serial Enumeration / chronology | Inventory number | Total Checkouts | Total Holds | Full call number | Barcode | Copy number | Cost, replacement price | Koha item type | Public note | Date shelved |
|---|---|---|---|---|---|---|---|---|---|---|---|---|---|---|---|---|---|---|---|---|---|
| Library of Congress Classification | Ödünç Verilebilir / Available | Genel Koleksiyon | Merkez Kütüphane | Merkez Kütüphane | Depo/Stack | 11/11/2013 | Bağış / Donation | 0.01 | 1 | TAR | DS51.M36 M36 2007 c.2 | 0042949 | 1 | 0.01 | Book | IN STACK | |||||
| Ödünç Verilebilir / Available | Genel Koleksiyon | Merkez Kütüphane | Merkez Kütüphane | Genel Koleksiyon / Main Collection | 11/11/2013 | Bağış / Donation | 0.01 | 1 | TAR | DS51.M36 M36 2007 | 0042948 | 2 | 0.01 | Book |
